[Event "ODJM B 2019"]
[Site "Willingen GER"]
[Date "2019.06.09"]
[Round "1"]
[White "Thumm, Niklas"]
[Black "Scheidt, Mike Niklas"]
[Result "0-1"]
[Termination "normal"]
[Board "22"]
[WhiteElo "1732"]
[BlackElo "1557"]
[PlyCount "68"]
[WhiteFideId "12918733"]
[BlackFideId "12965235"]
[EventCountry "GER"]
[EventRounds "9"]
[EventType "swiss"]
[EventDate "2019.06.08"]

1. e4 c5 2. Nc3 Nc6 3. Bb5 e6 4. Bxc6 bxc6 5. e5 Qg5 6. Nf3 Qxg2 7. Rg1 Qh3 8.
Rg3 Qh5 9. Rg5 Qh3 10. Rg3 Qh5 11. Ne4 Nh6 12. h4 Nf5 13. Rg5 Qh6 14. d3 Nxh4
15. Nh2 Nf5 16. Bf4 Nh4 17. Ke2 Ng2 18. Bg3 Be7 19. Ng4 Qh3 20. Rxg7 Kf8 21.
Rxf7+ Kxf7 22. Kd2 Rg8 23. Qf3+ Kg7 24. Nef6 Nh4 25. Nh5+ Kh8 26. Qf7 Bg5+ 27.
f4 Qxg4 28. fxg5 Qxg5+ 29. Kc3 Nf5 30. Rf1 Nxg3 31. Nxg3 Qxg3 32. Rh1 Qxe5+ 33.
Kd2 Qg7 34. Qf4 Qg5 0-1

[Event "ODJM B 2019"]
[Site "Willingen GER"]
[Date "2019.06.09"]
[Round "1"]
[White "Kuschminder, Paul"]
[Black "Dartmann Aubanell, Catriona"]
[Result "1/2-1/2"]
[Termination "normal"]
[Board "23"]
[WhiteElo "1495"]
[BlackElo "1728"]
[PlyCount "119"]
[WhiteFideId "16252551"]
[BlackFideId "24585270"]
[EventCountry "GER"]
[EventRounds "9"]
[EventType "swiss"]
[EventDate "2019.06.08"]

1. d4 d5 2. Bf4 Nf6 3. Nd2 c5 4. c3 Qb6 5. Qb3 c4 6. Qc2 g6 7. e4 Nxe4 8. Nxe4
Bf5 9. Qa4+ Bd7 10. Qc2 Qe6 11. Nf3 Qxe4+ 12. Qxe4 dxe4 13. Nd2 b5 14. Nxe4 Bc6
15. f3 Nd7 16. Kf2 Bg7 17. Rd1 Nb6 18. g4 Nd5 19. Bg3 h5 20. g5 Rd8 21. h4 Nb6
22. Bg2 O-O 23. Nc5 Nd5 24. Rhe1 b4 25. cxb4 Nxb4 26. Be5 Bxe5 27. dxe5 Nxa2
28. e6 Rxd1 29. Rxd1 fxe6 30. Nxe6 Rb8 31. Rd8+ Rxd8 32. Nxd8 Bd5 33. f4 e6 34.
Bxd5 exd5 35. Nc6 Nc1 36. Ke3 Nd3 37. Nxa7 Nxb2 38. Nb5 Nd3 39. Nc3 Nb4 40. Kd4
Kf7 41. Kc5 Nd3+ 42. Kxd5 Nxf4+ 43. Kxc4 Ng2 44. Kd4 Ke6 45. Ke4 Nxh4 46. Ne2
Nf5 47. Nf4+ Kf7 48. Kf3 Nd4+ 49. Ke4 Ne6 50. Nh3 Ke7 51. Kd5 Nc7+ 52. Ke5 Kf7
53. Nf4 h4 54. Ke4 Nb5 55. Ne2 Nd6+ 56. Kf4 Nf5 57. Kg4 Ke7 58. Nf4 Kf7 59. Ng2
Ke6 60. Nf4+ 1/2-1/2

[Event "ODJM B 2019"]
[Site "Willingen GER"]
[Date "2019.06.09"]
[Round "1"]
[White "Niemann, Leon Pascal"]
[Black "von Jan, Lena"]
[Result "1-0"]
[Termination "normal"]
[Board "24"]
[WhiteElo "1702"]
[BlackElo "1512"]
[PlyCount "103"]
[WhiteFideId "16218388"]
[BlackFideId "12946060"]
[EventCountry "GER"]
[EventRounds "9"]
[EventType "swiss"]
[EventDate "2019.06.08"]

1. e4 e5 2. Nf3 Nc6 3. Bc4 Bc5 4. O-O Nf6 5. Re1 d6 6. c3 O-O 7. d3 Bg4 8. Nbd2
Ne7 9. h3 Be6 10. Bb3 Ng6 11. Nf1 c6 12. Ng3 Re8 13. d4 Bb6 14. dxe5 dxe5 15.
Qxd8 Raxd8 16. Bg5 Bxb3 17. Bxf6 gxf6 18. axb3 Nf4 19. Kf1 Rd3 20. Ne2 Kh8 21.
Nxf4 exf4 22. Re2 a6 23. Rd2 Rdd8 24. Rad1 Rxd2 25. Nxd2 Rd8 26. Ke2 Kg7 27. f3
Kg6 28. Nc4 Rxd1 29. Kxd1 Bc7 30. b4 Kg7 31. Ke2 Kf8 32. Nd2 Ke7 33. Nb3 Bb6
34. Kd3 Ke6 35. Kc4 Kd6 36. Nc1 Be3 37. Ne2 Ke5 38. Kd3 Kd6 39. g3 Ke5 40. b3
h6 41. h4 f5 42. Nd4 fxe4+ 43. fxe4 Bf2 44. Nf3+ Kf6 45. gxf4 Bg3 46. Ke3 Kg6
47. c4 Kh5 48. f5 f6 49. e5 fxe5 50. Ke4 Bxh4 51. Nxh4 Kxh4 52. f6 1-0

[Event "ODJM B 2019"]
[Site "Willingen GER"]
[Date "2019.06.09"]
[Round "1"]
[White "Schneider, Anna"]
[Black "Ewerhardy, Moritz"]
[Result "1-0"]
[Termination "normal"]
[Board "25"]
[WhiteElo "1589"]
[BlackElo "1654"]
[PlyCount "49"]
[WhiteFideId "16200527"]
[BlackFideId "36052086"]
[EventCountry "GER"]
[EventRounds "9"]
[EventType "swiss"]
[EventDate "2019.06.08"]

1. e4 Nc6 2. d4 d5 3. exd5 Qxd5 4. Nf3 Bg4 5. Be2 O-O-O 6. Be3 Qh5 7. c3 f5 8.
O-O e5 9. h3 Nf6 10. Re1 f4 11. Bd2 e4 12. hxg4 Nxg4 13. Bxf4 Qf7 14. Ng5 Qxf4
15. Bxg4+ Kb8 16. Ne6 Qf6 17. Nxd8 Nxd8 18. Rxe4 Bd6 19. Qf3 Qg5 20. Qe3 Qg6
21. b4 h5 22. Bd7 Qf6 23. a4 g5 24. Re8 Rh7 25. Qe6 1-0

[Event "ODJM B 2019"]
[Site "Willingen GER"]
[Date "2019.06.09"]
[Round "1"]
[White "Grunert, Wilhelm"]
[Black "Rohde, Ragnar"]
[Result "1-0"]
[Termination "normal"]
[Board "26"]
[WhiteElo "1749"]
[BlackElo "1501"]
[PlyCount "61"]
[WhiteFideId "12995673"]
[BlackFideId "16287495"]
[EventCountry "GER"]
[EventRounds "9"]
[EventType "swiss"]
[EventDate "2019.06.08"]

1. e4 c5 2. Nf3 d6 3. d4 cxd4 4. Nxd4 Nf6 5. Nc3 g6 6. Be3 Bg7 7. f3 O-O 8. Qd2
Nc6 9. O-O-O Bd7 10. g4 Ne5 11. Bh6 Rc8 12. h4 b5 13. h5 b4 14. Nd5 Nxd5 15.
exd5 Qa5 16. Kb1 Qc5 17. Bxg7 Kxg7 18. hxg6 fxg6 19. Bb5 Nxf3 20. Qe3 e5 21.
Bxd7 exd4 22. Qe7+ Rf7 23. Rxh7+ Kxh7 24. Qxf7+ Kh6 25. Bxc8 d3 26. Rh1+ Kg5
27. Qxf3 Qxc2+ 28. Ka1 b3 29. Qe3+ Kf6 30. Rf1+ Kg7 31. Qe7+ 1-0

[Event "ODJM B 2019"]
[Site "Willingen GER"]
[Date "2019.06.09"]
[Round "1"]
[White "Borgmann, Simon"]
[Black "Laag, Pascal"]
[Result "1/2-1/2"]
[Termination "normal"]
[Board "27"]
[WhiteElo "1583"]
[BlackElo "1699"]
[PlyCount "50"]
[WhiteFideId "16234677"]
[BlackFideId "16256069"]
[EventCountry "GER"]
[EventRounds "9"]
[EventType "swiss"]
[EventDate "2019.06.08"]

1. d4 b5 2. Nf3 Bb7 3. e3 a6 4. c4 bxc4 5. Bxc4 e6 6. Nbd2 Nf6 7. b3 d5 8. Bd3
Nbd7 9. O-O Bd6 10. Bb2 Ne4 11. Qc2 f5 12. Ne5 O-O 13. f4 Ndf6 14. Ndf3 Rc8 15.
Qe2 Ra8 16. Rac1 Qe7 17. Rc2 Rfc8 18. Rfc1 c5 19. Ba3 cxd4 20. Bxd6 Qxd6 21.
Rxc8+ Rxc8 22. Rxc8+ Bxc8 23. exd4 Qb6 24. Qc2 Bb7 25. Qb2 Qa5 1/2-1/2

[Event "ODJM B 2019"]
[Site "Willingen GER"]
[Date "2019.06.09"]
[Round "1"]
[White "von der Weyden, Louis"]
[Black "John, Niklas"]
[Result "1-0"]
[Termination "normal"]
[Board "28"]
[WhiteElo "1564"]
[BlackElo "1324"]
[PlyCount "93"]
[WhiteFideId "16207050"]
[BlackFideId "16234626"]
[EventCountry "GER"]
[EventRounds "9"]
[EventType "swiss"]
[EventDate "2019.06.08"]

1. c4 Nf6 2. Nc3 g6 3. g3 Bg7 4. Bg2 O-O 5. e3 c6 6. Nge2 d5 7. b3 Re8 8. d4 e5
9. O-O exd4 10. exd4 h6 11. Bb2 Bf5 12. Rc1 Na6 13. a3 dxc4 14. bxc4 Ne4 15.
Nxe4 Bxe4 16. Qd2 Bxg2 17. Kxg2 Qe7 18. Rfe1 Qe4+ 19. f3 Qf5 20. Nf4 Nc7 21.
Qb4 b6 22. Qd6 Rxe1 23. Rxe1 Qc2+ 24. Re2 Qxc4 25. Qxc7 g5 26. Kf2 Bxd4+ 27.
Bxd4 Qxd4+ 28. Kg2 gxf4 29. Qxc6 Rd8 30. Qxh6 fxg3 31. hxg3 Qg7 32. Qh4 Rc8 33.
Re4 Rc2+ 34. Kh3 Qh7 35. Qxh7+ Kxh7 36. Re7 Kg6 37. Rxa7 Rc3 38. Ra6 Rxf3 39.
Rxb6+ f6 40. a4 Re3 41. a5 Ra3 42. Ra6 Kf5 43. Ra8 Ke5 44. a6 Kd6 45. a7 Kc7
46. Rf8 Kb7 47. a8=Q+ 1-0

[Event "ODJM B 2019"]
[Site "Willingen GER"]
[Date "2019.06.09"]
[Round "1"]
[White "Panjer, Sidney"]
[Black "Ortlepp, Klaudia"]
[Result "0-1"]
[Termination "normal"]
[Board "29"]
[WhiteElo "1490"]
[BlackElo "1570"]
[PlyCount "102"]
[WhiteFideId "16207041"]
[BlackFideId "16206045"]
[EventCountry "GER"]
[EventRounds "9"]
[EventType "swiss"]
[EventDate "2019.06.08"]

1. e4 e5 2. Nf3 Nc6 3. Bc4 Nf6 4. d3 Bc5 5. c3 O-O 6. a4 a5 7. Bg5 d6 8. O-O
Bg4 9. Nbd2 h6 10. Be3 Nd7 11. Qc2 Kh8 12. d4 exd4 13. Nxd4 Nce5 14. Nf5 Qe8
15. Bxc5 Nxc5 16. Ng3 Qd7 17. Rfe1 Rae8 18. Be2 Ng6 19. b4 Bxe2 20. Rxe2 Ne6
21. Nb3 axb4 22. cxb4 Ra8 23. a5 Ne5 24. Qc3 Qb5 25. Rb2 Nd3 26. Rbb1 Ne5 27.
Nf5 Ra6 28. Nbd4 Qc4 29. Qxc4 Nxc4 30. Rc1 Nd2 31. Rd1 Nxe4 32. Ng3 Nc3 33.
Nxe6 fxe6 34. Rdc1 Nb5 35. Re1 Nd4 36. Rac1 Rf7 37. Rc4 e5 38. Rec1 Rc6 39.
Rxc6 Nxc6 40. Rb1 Rf4 41. Kf1 Rxb4 42. Ra1 Kg8 43. Ke2 Kf7 44. Kd3 Ke6 45. Ra3
g6 46. h3 d5 47. f3 Rd4+ 48. Ke3 Nb4 49. Rc3 Kd6 50. Ne2 Rd1 51. Kf2 c5 0-1

[Event "ODJM B 2019"]
[Site "Willingen GER"]
[Date "2019.06.09"]
[Round "1"]
[White "Glöckl, Simon"]
[Black "Hierl, Johannes"]
[Result "1/2-1/2"]
[Termination "normal"]
[Board "30"]
[WhiteElo "1586"]
[BlackElo "1327"]
[PlyCount "74"]
[WhiteFideId "16266072"]
[BlackFideId "16235096"]
[EventCountry "GER"]
[EventRounds "9"]
[EventType "swiss"]
[EventDate "2019.06.08"]

1. e4 e5 2. Nf3 d5 3. exd5 e4 4. Qe2 Nf6 5. Nc3 Qe7 6. Nd4 Qe5 7. Nb3 Bd6 8. d4
exd3 9. Qxe5+ Bxe5 10. Bxd3 Bxc3+ 11. bxc3 Nxd5 12. O-O O-O 13. Re1 Nc6 14. Bb2
Be6 15. Nc5 Nd8 16. Nxe6 Nxe6 17. Rad1 Nb6 18. g3 Rfe8 19. Be4 c6 20. Bg2 Rad8
21. Bc1 Na4 22. c4 Nc3 23. Rxd8 Rxd8 24. Be3 a6 25. f4 f5 26. Bb6 Rd1 27. Rxd1
Nxd1 28. Kf1 Nb2 29. Ke2 Nxc4 30. Bf2 Kf7 31. Kd3 Nd6 32. h3 h5 33. Be3 Kf6 34.
Bf3 g6 35. g4 fxg4 36. hxg4 hxg4 37. Bxg4 Nf5 1/2-1/2

[Event "ODJM B 2019"]
[Site "Willingen GER"]
[Date "2019.06.09"]
[Round "1"]
[White "Puls, Luisa"]
[Black "Kublanov, Carolin"]
[Result "0-1"]
[Termination "normal"]
[Board "31"]
[WhiteElo "1465"]
[BlackElo "1748"]
[PlyCount "56"]
[WhiteFideId "16266005"]
[BlackFideId "12944548"]
[EventCountry "GER"]
[EventRounds "9"]
[EventType "swiss"]
[EventDate "2019.06.08"]

1. e4 g6 2. d4 Bg7 3. Nc3 d6 4. f4 Nd7 5. Nf3 a6 6. Bd3 b5 7. e5 c5 8. Ng5 dxe5
9. dxe5 e6 10. Nce4 Bf8 11. O-O Bb7 12. f5 exf5 13. Nd6+ Bxd6 14. exd6 Ngf6 15.
Re1+ Kf8 16. Re7 Bd5 17. Be2 h6 18. Bf3 Bxf3 19. Nxf3 Kg7 20. Bxh6+ Rxh6 21.
Ng5 Qb6 22. Rxf7+ Kg8 23. Qd2 Rh5 24. Re1 Ne4 25. Rxe4 fxe4 26. Qd5 Rxg5 27.
Rxd7+ Rxd5 28. h3 Rxd6 0-1

[Event "ODJM B 2019"]
[Site "Willingen GER"]
[Date "2019.06.09"]
[Round "1"]
[White "Andresen, Marc"]
[Black "Paqarizi, Endrit"]
[Result "1-0"]
[Termination "normal"]
[Board "32"]
[WhiteElo "1428"]
[BlackElo "1414"]
[PlyCount "73"]
[WhiteFideId "16233719"]
[BlackFideId "16235827"]
[EventCountry "GER"]
[EventRounds "9"]
[EventType "swiss"]
[EventDate "2019.06.08"]

1. e4 c5 2. Nc3 e6 3. g3 Nc6 4. Bg2 Qc7 5. f4 g6 6. Nf3 Nge7 7. d3 Bg7 8. O-O
b6 9. Be3 Bb7 10. Qd2 Nd4 11. Ne5 O-O 12. a4 a6 13. Nf3 d5 14. Nh4 dxe4 15.
dxe4 Rad8 16. Qf2 Nc8 17. e5 Bxg2 18. Qxg2 Rd7 19. Ne4 Rfd8 20. Nf3 Ne7 21. g4
Nec6 22. Rf2 Nxf3+ 23. Rxf3 Rd1+ 24. Rxd1 Rxd1+ 25. Rf1 Qd8 26. Nd6 Rxf1+ 27.
Kxf1 Nd4 28. Bxd4 cxd4 29. Qb7 Qf8 30. Qxb6 f6 31. Qb3 fxe5 32. Qxe6+ Kh8 33.
Nf7+ Kg8 34. Nxe5+ Kh8 35. Ke2 Qxf4 36. Nf7+ Kg8 37. Nh6+ 1-0

[Event "ODJM B 2019"]
[Site "Willingen GER"]
[Date "2019.06.09"]
[Round "1"]
[White "Bräutigam, Alexander"]
[Black "Kovac, Linda"]
[Result "1-0"]
[Termination "normal"]
[Board "33"]
[WhiteElo "1396"]
[BlackElo "1718"]
[PlyCount "67"]
[WhiteFideId "16245210"]
[BlackFideId "12938815"]
[EventCountry "GER"]
[EventRounds "9"]
[EventType "swiss"]
[EventDate "2019.06.08"]

1. d4 g6 2. c4 Bg7 3. Nc3 Nf6 4. Nf3 d6 5. g3 Nbd7 6. Bg2 O-O 7. O-O e5 8. e4
exd4 9. Nxd4 Ne5 10. b3 Bd7 11. Bb2 Qc8 12. Re1 Re8 13. f4 Neg4 14. h3 Nh6 15.
g4 Nhxg4 16. hxg4 Bxg4 17. Qd3 Nh5 18. Rf1 Qd8 19. Rab1 Qh4 20. Nd5 Ng3 21. Nf3
Qh5 22. Bxg7 Kxg7 23. Qd4+ Re5 24. Qb2 Nxf1 25. Rxf1 c6 26. Ne3 Bxf3 27. Rxf3
Rae8 28. fxe5 Rxe5 29. c5 Kf8 30. cxd6 Ke8 31. Nc4 Rxe4 32. Qh8+ Kd7 33. Rxf7+
Ke6 34. Qe8+ 1-0

[Event "ODJM B 2019"]
[Site "Willingen GER"]
[Date "2019.06.09"]
[Round "1"]
[White "Garbuz, Nicole"]
[Black "Abou Wally, Adrian"]
[Result "1/2-1/2"]
[Termination "normal"]
[Board "34"]
[WhiteElo "1650"]
[BlackElo "1342"]
[PlyCount "58"]
[WhiteFideId "12990701"]
[BlackFideId "16245113"]
[EventCountry "GER"]
[EventRounds "9"]
[EventType "swiss"]
[EventDate "2019.06.08"]

1. e4 e5 2. Nf3 Nc6 3. Bc4 Bc5 4. c3 Nf6 5. d4 exd4 6. cxd4 Bb4+ 7. Bd2 Bxd2+
8. Nbxd2 d5 9. exd5 Nxd5 10. Qb3 Nce7 11. O-O O-O 12. Rfe1 c6 13. Ne4 Nb6 14.
Nc5 Nxc4 15. Qxc4 Qc7 16. Qe2 Nd5 17. Rac1 Bg4 18. Qe4 Bxf3 19. Qxf3 Rfe8 20.
Qb3 Nb6 21. a4 a5 22. Qc3 Nd5 23. Qd2 h6 24. Nb3 b6 25. Qc2 Qb7 26. h3 Nb4 27.
Qc4 Rac8 28. Na1 Qd7 29. Nb3 Qd5 1/2-1/2

[Event "ODJM B 2019"]
[Site "Willingen GER"]
[Date "2019.06.09"]
[Round "1"]
[White "Borriss, Benjamin"]
[Black "Plum, Paul"]
[Result "0-1"]
[Termination "normal"]
[Board "35"]
[WhiteElo "1475"]
[BlackElo "1717"]
[PlyCount "44"]
[WhiteFideId "16266099"]
[BlackFideId "16225678"]
[EventCountry "GER"]
[EventRounds "9"]
[EventType "swiss"]
[EventDate "2019.06.08"]

1. d4 Nf6 2. c4 g6 3. f3 c5 4. d5 Bg7 5. Nc3 O-O 6. e4 e6 7. Be3 d6 8. Qd2 exd5
9. cxd5 a6 10. a4 Qa5 11. Be2 b5 12. f4 b4 13. Nd1 Nxe4 14. Qd3 f5 15. Nf3 Bd7
16. Ra2 b3+ 17. Bd2 Nxd2 18. Nxd2 bxa2 19. O-O a1=Q 20. Nb3 c4 21. Qxc4 Qb6+
22. Kh1 Qxa4 0-1

[Event "ODJM B 2019"]
[Site "Willingen GER"]
[Date "2019.06.09"]
[Round "1"]
[White "Sperling, Niclas"]
[Black "Heß, Wadim"]
[Result "1-0"]
[Termination "normal"]
[Board "36"]
[WhiteElo "1720"]
[BlackElo "1360"]
[PlyCount "115"]
[WhiteFideId "16204000"]
[BlackFideId "16266129"]
[EventCountry "GER"]
[EventRounds "9"]
[EventType "swiss"]
[EventDate "2019.06.08"]

1. e4 c5 2. Nf3 a6 3. Nc3 e6 4. d4 cxd4 5. Nxd4 Qc7 6. Be2 Nf6 7. Be3 Bb4 8.
Qd3 Nxe4 9. Bd2 Nxd2 10. Qxd2 Nc6 11. Nxc6 bxc6 12. Qd4 Bxc3+ 13. Qxc3 f6 14.
O-O-O O-O 15. g3 Bb7 16. Bf3 Rab8 17. Qc5 Qe5 18. Qxe5 fxe5 19. Bg4 Rbd8 20.
Rhe1 Rf6 21. Rxe5 Kf7 22. f4 g6 23. Re3 Ke7 24. Rb3 Ba8 25. Rb6 c5 26. Rxa6
Rff8 27. Rd3 Bd5 28. Rc3 c4 29. Bf3 Bxf3 30. Rxf3 e5 31. Re3 d6 32. Re4 Rf5 33.
Ra7+ Ke6 34. Rxc4 h5 35. b3 h4 36. Rh7 hxg3 37. hxg3 Rdf8 38. Rh6 exf4 39. gxf4
R8f6 40. a4 Rh5 41. Rxh5 gxh5 42. Kd2 h4 43. f5+ Rxf5 44. Rxh4 Kd5 45. Kc3 Kc6
46. Kb4 Kb6 47. Rd4 Rf6 48. Rd5 Rf4+ 49. c4 Rf6 50. a5+ Ka6 51. Rb5 d5 52. Rb6+
Rxb6+ 53. axb6 dxc4 54. Kxc4 Kb7 55. Kb5 Kb8 56. Ka6 Ka8 57. b7+ Kb8 58. b4 1-0

[Event "ODJM B 2019"]
[Site "Willingen GER"]
[Date "2019.06.09"]
[Round "1"]
[White "Bendtschneider, Nils"]
[Black "Schilay, Eva"]
[Result "0-1"]
[Termination "normal"]
[Board "37"]
[WhiteElo "1219"]
[BlackElo "1628"]
[PlyCount "140"]
[WhiteFideId "16245180"]
[BlackFideId "12930164"]
[EventCountry "GER"]
[EventRounds "9"]
[EventType "swiss"]
[EventDate "2019.06.08"]

1. d4 d5 2. f4 Nf6 3. Nc3 Bf5 4. e3 e6 5. Nf3 a6 6. h3 c5 7. Bd2 Bd6 8. Bd3 Ne4
9. Bxe4 Bxe4 10. Nxe4 dxe4 11. Ng5 cxd4 12. exd4 Qf6 13. Nxe4 Qxd4 14. Nxd6+
Qxd6 15. Be3 Qc6 16. Qd3 Nd7 17. O-O-O Rc8 18. Rd2 Nf6 19. Bd4 Nd5 20. Bxg7
Nxf4 21. Qa3 Rg8 22. Bh6 Nd5 23. Qd3 Rg6 24. Re1 Rxh6 25. Qxd5 Qxd5 26. Rxd5
Rd8 27. Rxd8+ Kxd8 28. Kd2 Rg6 29. g4 Rg5 30. c4 h5 31. Re4 Ke7 32. Ke3 Kd6 33.
Kf4 f6 34. Rd4+ Kc6 35. Rd8 hxg4 36. hxg4 Kc5 37. Rf8 e5+ 38. Kf3 Rg6 39. b3 b6
40. Rd8 Rh6 41. Ke4 Rh2 42. Rf8 Rf2 43. g5 Rf4+ 44. Ke3 fxg5 45. Rg8 g4 46. Rg6
b5 47. Rxa6 bxc4 48. bxc4 Rxc4 49. Rg6 Kd5 50. Rg5 Ra4 51. Kd3 Ra3+ 52. Kc2
Rxa2+ 53. Kb3 Rg2 54. Kc3 Ke4 55. Rg8 g3 56. Rg7 Ke3 57. Rg4 e4 58. Kc4 Kf3 59.
Rxg3+ Rxg3 60. Kd4 e3 61. Kd3 e2 62. Kd2 e1=Q+ 63. Kxe1 Rg2 64. Kf1 Ra2 65. Ke1
Rh2 66. Kd1 Ke3 67. Kc1 Kd3 68. Kb1 Kc3 69. Ka1 Kb3 70. Kb1 Rh1# 0-1

[Event "ODJM B 2019"]
[Site "Willingen GER"]
[Date "2019.06.09"]
[Round "1"]
[White "Ebeling, Gereon"]
[Black "Lohrmann, Linus"]
[Result "1-0"]
[Termination "normal"]
[Board "38"]
[WhiteElo "1588"]
[BlackElo "1366"]
[PlyCount "115"]
[WhiteFideId "16223160"]
[BlackFideId "12982857"]
[EventCountry "GER"]
[EventRounds "9"]
[EventType "swiss"]
[EventDate "2019.06.08"]

1. e4 e5 2. Nf3 Nc6 3. c3 Nf6 4. d4 Nxe4 5. d5 Bc5 6. Be3 Ne7 7. Bxc5 Nxc5 8.
Nxe5 d6 9. Bb5+ Nd7 10. Bxd7+ Bxd7 11. Nc4 Bb5 12. Ne3 Ng6 13. c4 Bd7 14. Nd2
O-O 15. Nf3 Re8 16. O-O Qf6 17. Qd4 Ne5 18. Nxe5 Rxe5 19. f4 Rf5 20. Nxf5 Qxf5
21. Rae1 Qg6 22. Qe4 Qf6 23. b3 h6 24. Qf3 c5 25. Qd3 a6 26. Rf2 b5 27. g3 b4
28. Rfe2 Rd8 29. Re7 Be6 30. Ra7 Bf5 31. Qd2 h5 32. Rxa6 h4 33. a3 Qg6 34. Qf2
Bc2 35. axb4 Bxb3 36. bxc5 Bxc4 37. Rxd6 Rxd6 38. cxd6 hxg3 39. Qxg3 Qxd6 40.
Re8+ Kh7 41. Qh4+ Qh6 42. Qxh6+ Kxh6 43. d6 Be6 44. Rxe6+ fxe6 45. d7 Kg6 46.
d8=Q Kf7 47. Qg5 g6 48. h4 Kg7 49. Kf2 Kf7 50. h5 gxh5 51. Qxh5+ Kf6 52. Qe5+
Ke7 53. f5 Kf7 54. Qxe6+ Kf8 55. Qd7 Kg8 56. Qe7 Kh8 57. f6 Kg8 58. Qg7# 1-0

[Event "ODJM B 2019"]
[Site "Willingen GER"]
[Date "2019.06.09"]
[Round "1"]
[White "Sarian, Gaya"]
[Black "Lauterbach, Kolja"]
[Result "0-1"]
[Termination "normal"]
[Board "39"]
[WhiteElo "1452"]
[BlackElo "1662"]
[PlyCount "52"]
[WhiteFideId "16266161"]
[BlackFideId "16235916"]
[EventCountry "GER"]
[EventRounds "9"]
[EventType "swiss"]
[EventDate "2019.06.08"]

1. e4 e5 2. Nf3 Nc6 3. Bc4 Nf6 4. d3 Bc5 5. Bg5 d6 6. h3 Be6 7. Bxe6 fxe6 8.
Nc3 O-O 9. Qe2 Qd7 10. O-O a6 11. Rad1 Qf7 12. Be3 Nd4 13. Bxd4 exd4 14. Nb1
Nh5 15. e5 Nf4 16. Qe4 d5 17. Qe1 Nxh3+ 18. gxh3 Qxf3 19. Kh2 Rf5 20. Nd2 Qf4+
21. Kh1 Rxe5 22. Ne4 dxe4 23. dxe4 Qf3+ 24. Kh2 Rh5 25. Rh1 Rxh3+ 26. Kg1 Rxh1#
0-1

[Event "ODJM B 2019"]
[Site "Willingen GER"]
[Date "2019.06.09"]
[Round "1"]
[White "Schmied, Elias"]
[Black "Linnemann, Caspar"]
[Result "1-0"]
[Termination "normal"]
[Board "40"]
[WhiteElo "1669"]
[BlackElo "1239"]
[PlyCount "65"]
[WhiteFideId "16255879"]
[BlackFideId "16200284"]
[EventCountry "GER"]
[EventRounds "9"]
[EventType "swiss"]
[EventDate "2019.06.08"]

1. d4 Nf6 2. c4 c5 3. d5 b5 4. cxb5 a6 5. bxa6 Bxa6 6. Nf3 d6 7. g3 Nbd7 8. Bg2
g6 9. O-O Bg7 10. Nc3 O-O 11. Re1 Qc7 12. Rb1 Rfb8 13. b3 Ng4 14. Bb2 c4 15.
Ba1 Qa5 16. Qd2 Ra7 17. h3 Ngf6 18. Nd4 Bb7 19. bxc4 Nc5 20. Nc6 Qa6 21. Nxb8
Qa5 22. Nc6 Bxc6 23. dxc6 Ne6 24. Rb8+ Nf8 25. Rb7 Ra8 26. Reb1 Rc8 27. R1b5
Qd8 28. Qb2 Kh8 29. Rb8 Qc7 30. Rxc8 Qxc8 31. Rb8 Qc7 32. Qb7 Qa5 33. c7 1-0

[Event "ODJM B 2019"]
[Site "Willingen GER"]
[Date "2019.06.09"]
[Round "1"]
[White "Kruse, Hannes"]
[Black "Raasch, Hauke"]
[Result "1-0"]
[Termination "normal"]
[Board "41"]
[WhiteElo "1362"]
[BlackElo "1614"]
[PlyCount "55"]
[WhiteFideId "16254660"]
[BlackFideId "16210034"]
[EventCountry "GER"]
[EventRounds "9"]
[EventType "swiss"]
[EventDate "2019.06.08"]

1. e4 d6 2. d4 g6 3. Nc3 Bg7 4. Nf3 c6 5. Bc4 h6 6. h3 b5 7. Bb3 a5 8. a3 Qb6
9. O-O Ba6 10. Re1 Nd7 11. e5 dxe5 12. dxe5 e6 13. Ne4 Bf8 14. Nd6+ Bxd6 15.
exd6 O-O-O 16. Ne5 Nxe5 17. Rxe5 g5 18. Be3 Qb7 19. Rc5 Qd7 20. Qd4 f6 21. Bxe6
Qxe6 22. Rxc6+ Kd7 23. Rxa6 Ke8 24. Re1 Kf8 25. Bd2 Qd7 26. Bxa5 Re8 27. Rxe8+
Qxe8 28. d7 1-0

[Event "ODJM B 2019"]
[Site "Willingen GER"]
[Date "2019.06.09"]
[Round "1"]
[White "Hövert, Kai"]
[Black "Brunauer, Simon"]
[Result "1-0"]
[Termination "normal"]
[Board "42"]
[WhiteElo "1536"]
[BlackElo "1607"]
[PlyCount "92"]
[WhiteFideId "16266056"]
[BlackFideId "16279077"]
[EventCountry "GER"]
[EventRounds "9"]
[EventType "swiss"]
[EventDate "2019.06.08"]

1. e4 e5 2. Nf3 Nc6 3. Bc4 Bc5 4. c3 Nf6 5. d4 exd4 6. cxd4 Bb4+ 7. Nc3 d5 8.
exd5 Nxd5 9. O-O Be6 10. Ng5 O-O 11. Qc2 g6 12. Nxe6 fxe6 13. Rd1 Qh4 14. Nxd5
exd5 15. Bxd5+ Kh8 16. Bxc6 bxc6 17. Be3 Bd6 18. g3 Qh3 19. Qxc6 Rae8 20. Qg2
Qf5 21. Rac1 Qb5 22. Rd2 Qa5 23. a3 Rb8 24. h3 Rb3 25. Rcc2 h6 26. Re2 g5 27.
Qe4 Kg7 28. h4 gxh4 29. Qxh4 Rf6 30. Qg4+ Rg6 31. Qd7+ Kf6 32. Qc6 Rd3 33. Qf3+
Kg7 34. Bxh6+ Rxh6 35. Qxd3 Qh5 36. Qe4 Qh2+ 37. Kf1 Qh3+ 38. Qg2 Qf5 39. Qe4
Qf7 40. Qe8 Qa2 41. Qd7+ Kf6 42. Qd8+ Kf7 43. Rxc7+ Bxc7 44. Qxc7+ Kf6 45. Qe7+
Kg6 46. Qe6+ Kg7 1-0

[Event "ODJM B 2019"]
[Site "Willingen GER"]
[Date "2019.06.09"]
[Round "1"]
[White "Senechal, Niklas Bennett"]
[Black "Knerr, Sebastian"]
[Result "0-1"]
[Termination "normal"]
[Board "43"]
[WhiteElo "1470"]
[BlackElo "1685"]
[PlyCount "80"]
[WhiteFideId "16231180"]
[BlackFideId "16266013"]
[EventCountry "GER"]
[EventRounds "9"]
[EventType "swiss"]
[EventDate "2019.06.08"]

1. e4 e5 2. Nf3 Nf6 3. Nc3 Bb4 4. a3 Bxc3 5. dxc3 Nc6 6. Bb5 d6 7. Bg5 Bd7 8.
O-O h6 9. Bxf6 Qxf6 10. Ne1 h5 11. Nd3 g5 12. g3 Bh3 13. Re1 Bg4 14. Qd2 h4 15.
Bxc6+ bxc6 16. Nb4 Bf3 17. Nxc6 Kd7 18. Nb4 hxg3 19. fxg3 Rh3 20. Rf1 Rah8 21.
Nd5 Qh6 22. Rxf3 Rxh2 23. Rxf7+ Kd8 24. Qd3 Rh1+ 25. Kf2 Qh2+ 26. Kf3 Rxa1 27.
Qb5 Qh5+ 28. Ke3 Re1+ 29. Kf2 Qxf7+ 30. Kxe1 Rh1+ 31. Kd2 Rh2+ 32. Kc1 Rh1+ 33.
Kd2 Rh2+ 34. Kc1 Rh1+ 35. Kd2 Qf2+ 36. Qe2 Qxg3 37. Qe3 Qh2+ 38. Kd3 Qh3 39.
Kd2 Rh2+ 40. Kd3 Qf1+ 0-1